| 000 | 00885nam a22002537a 4500 | ||
|---|---|---|---|
| 005 | 20170123162318.0 | ||
| 010 | _aA-645722 | ||
| 020 | _c250.00 | ||
| 035 | _aA-645722 | ||
| 037 | _bCen Lib/Ret | ||
| 040 |
_aDPL _bUR |
||
| 082 |
_a841.08 _bج گ ن |
||
| 245 |
_aجگن ناتھ آزاد : _cمراتب خلیق انجم _bحیات اور ادبی خدمات / |
||
| 246 |
_aJagan Nath Azad : hayat aur adabi khidmat / _bedited by Khaleeq Anjum |
||
| 260 |
_aدہلی _bمرحوم میموریل لٹیراری سوسائٹی _c1993 |
||
| 270 | _bدہلی | ||
| 300 |
_a80p.: _c22cm(Hb) _bill. |
||
| 650 |
_aاردو ادب _9115955 |
||
| 650 |
_aاردو سوانے عمری _9115956 |
||
| 650 |
_aUrdu literature _9115957 |
||
| 650 |
_aUrdu biography _9511 |
||
| 700 |
_aخلیق انجم _9115958 |
||
| 942 |
_2ddc _cUR _h841.08 _mج گ ن |
||
| 999 |
_c106904 _d106904 |
||